000 00282nam a22001337a 4500
008 171010b xxu||||| |||| 00| 0 eng d
020 _a0226262030
041 _aeng
080 _a316
100 _a50
101 _aSOC
245 _aPROFESSIONALISM
_cFREIDSON,E
942 _2udc
_cBK
999 _c32954
_d32954